Statistics for 100 Largest Cities in Iowa

Click here to take the quiz!

General Stats

  • This quiz has been taken 634 times
    (417 since last reset)
  • The average score is 39 of 100

Answer Stats

Answer% Correct
Des Moines
96%
Cedar Rapids
89%
Iowa City
89%
Sioux City
87%
Ames
81%
Davenport
81%
Dubuque
79%
West Des Moines
73%
Cedar Falls
72%
Waterloo
71%
Ankeny
68%
Mason City
67%
Council Bluffs
64%
Fort Dodge
64%
Urbandale
60%
Marshalltown
56%
Ottumwa
56%
Bettendorf
54%
Burlington
54%
Clinton
53%
Altoona
50%
Pella
50%
Coralville
49%
Keokuk
49%
Mount Pleasant
48%
Grinnell
47%
Indianola
47%
Marion
47%
Waukee
47%
Decorah
46%
Johnston
46%
Newton
46%
Boone
45%
Muscatine
45%
Carroll
42%
Grimes
42%
Oskaloosa
41%
Clear Lake
39%
Washington
39%
Fort Madison
38%
Iowa Falls
38%
Denison
35%
Le Mars
35%
Norwalk
35%
Atlantic
34%
Maquoketa
34%
Waverly
34%
Winterset
34%
Clive
33%
Creston
33%
Storm Lake
33%
Fairfield
32%
Independence
32%
North Liberty
32%
Orange City
32%
Osceola
32%
Webster City
32%
Manchester
31%
Adel
30%
Anamosa
30%
Charles City
30%
Jefferson
30%
Spencer
30%
Harlan
29%
Knoxville
29%
Nevada
29%
Algona
28%
Polk City
28%
Spirit Lake
28%
Mount Vernon
27%
Pleasant Hill
26%
Bondurant
25%
Carlisle
25%
Centerville
25%
Cherokee
25%
Clarinda
25%
Red Oak
25%
Vinton
25%
Dyersville
24%
Humboldt
24%
Eldridge
23%
Chariton
22%
Shenandoah
22%
Sioux Center
22%
Glenwood
21%
Hiawatha
21%
Perry
21%
De Witt
20%
Huxley
19%
Oelwein
19%
Sergeant Bluff
19%
Estherville
18%
Hampton
18%
Tiffin
17%
Windsor Heights
17%
Camanche
16%
Sheldon
16%
Asbury
12%
Evansdale
12%
Saylorville
10%

Score Distribution

Percentile by Number Answered

Percent of People with Each Score

Your Score History

You have not taken this quiz since the last reset